| 000 | 00771cam a22002652a 4500 | ||
|---|---|---|---|
| 999 |
_c8609 _d8609 |
||
| 001 | 8609 | ||
| 003 | BD-JhCC | ||
| 005 | 20180924122447.0 | ||
| 008 | 500101s1970 xx b b 000 0 eng d | ||
| 035 | _a(BD-JhCC)8609 | ||
| 040 |
_aAKR _cAKR _dOCL _dEQO |
||
| 041 | _aeng | ||
| 082 |
_a338.4/0954 _bCHA 1970 |
||
| 090 |
_aHC435.2 _b.C48 1970 |
||
| 100 | 1 | _aChaudhuri, Manoranjan. | |
| 245 | 1 | 0 |
_aIndian industries, development and location : _ban economic-geographic appraisal / _cby M. R. Chaudhuri |
| 250 | _a4th ed | ||
| 260 |
_aCalcutta : _bOxford & IBH Pub. Co, _c1970 |
||
| 300 |
_a230 p. _bmaps. _c23 cm |
||
| 504 | _aBibliography: p. [224]-226 | ||
| 650 | 0 |
_aIndustrial location _zIndia |
|
| 650 | 0 |
_aIndustries _zIndia. |
|
| 942 |
_2ddc _cBK |
||